Byzantine Rulers by Dynasty - Statistics

General Stats
  • This quiz has been taken 630 times
  • The average score is 45 of 93
Answer Stats
Hint Answer % Correct
518-527 Ioustinos I
86%
324-337 Konstantinos I “the Great”
81%
337-361 Konstantios II
75%
641-641 Konstantinos III
73%
741-775 Konstantinos V Kopronymos (“the Dung-named”)
73%
780-797 Konstantinos VI
72%
1025-1028 Konstantinos VIII Porphyrogenitus “the Purple-born”
72%
668-685 Konstantinos IV "the Younger"
71%
913-944 & 945-959 Konstantinos VII Flavios Porphyrogenitus "the Purple born"
70%
527-565 Ioustinianos I “the Great”
68%
1059-1067 Konstantinos X
68%
457-474 Leon I “the Thracian”
67%
1042-1055 Konstantinos IX Monomachos
66%
1449-1453 Konstantinos XI Dragases
66%
474-474 Leon II
65%
867-886 Basileios I “the Macedonian”
64%
685-695 & 705-711 Ioustinianos II Rhinotmetos ("the Slit-Nosed)
63%
717-741 Leon III “the Isaurian”
63%
775-780 Leon IV “the Khazar”
61%
813-820 Leon V “the Armenian”
61%
379-395 Theodosios I “the Great”
61%
976-1025 Basileios II Boulgaroktonos "the Bulgar-Slayer"
60%
886-912 Leon VI “the Wise/the Philosopher”
60%
408-450 Theodosios II
60%
969-976 Ioannes I Tzimiskes
58%
1118-1143 Ioannes II "the Good"
57%
565-578 Ioustinos II
57%
842-867 Mikhael III “the Drunkard”
57%
820-829 Mikhael II “the Amorian/the Stammerer”
57%
811-813 Mikhael I Rangabe
57%
1222-1254 Ioannes III Doukas Vatatzes
55%
1258-1261 Ioannes IV
55%
610-641 Iraklios
55%
1034-1041 Mikhael IV “the Paphlagonian”
55%
1056-1057 Mikhael VI Bringas Stratiotikos/Gerontas "the War-like/the Old"
55%
1041-1042 Mikhael V Kalaphates “the Caulker”
55%
1341-1376, 1379-1390, & 1390-1391 Ioannes V
54%
1347-1354 Ioannes VI Kantakouzenos
54%
1259-1282 Mikhael VIII
54%
1067-1078 Mikhael VII “Parapinakes”
54%
1081-1118 Alexios I
53%
1390-1390 Ioannes VII
53%
1180-1183 Alexios II
52%
1425-1448 Ioannes VIII
52%
1195-1203 Alexios III
50%
1203-1204 Alexios IV
49%
1204-1204 Alexios V “Mourtzouphlos”
49%
715-717 Theodosios III
49%
361-363 Ioulianos "the Apostate"
48%
802-811 Nikephoros I Genikos ("the Logothete”)
48%
364-378 Valens
48%
912-913 Alexandros
47%
797-802 Eirene Sarantapechaina of Athens
47%
963-969 Nikephoros II Phokas
47%
602-610 Phokas
44%
474-491 Zenon
43%
641-668 Konstas II Pogonatos
42%
1143-1180 Manuel I “the Great”
42%
395-408 Arkadios
40%
1391-1425 Manuel II
40%
1042-1056 Theodora Porphyrogenita “the Purple-born”
40%
1028-1050 Zoe Porphyrogenita “the Purple-born”
40%
1057-1059 Isaakios I
38%
1185-1195 & 1203-1204 Isaakios II
38%
1203-1204 Isaakios II
38%
1078-1081 Nikephoros III Botaneiates
38%
491-518 Anastasios I Dikoros
37%
959-963 Romanos II Porphyrogenitus "the Purple born"
37%
920-944 Romanos I Lekapenos
37%
582-602 Maurikios
36%
1028-1034 Romanos III Argyros
36%
1183- 1185 Andronikos I
35%
363-364 Iovianos
35%
1078-1078 Konstantios
35%
1068-1071 Romanos IV Diogenes
35%
713-715 Anastasios II
33%
1328-1341 Andronikos III
32%
1282-1328 Andronikos II
31%
378-379 Gratianos
31%
641-641 Konstantinos Herakleios (Heraklionas)
31%
450-457 Markianos
31%
1205-1222 Theodoros I
31%
1254-1258 Theodoros II
30%
698-705 Tiberios III Apsimaros
28%
1376-1379 Andronikos IV
27%
475-476 Basiliskos
25%
695-698 Leontios
24%
829-842 Theophilos
24%
811-811 Staurakios
22%
741-743 Artabasdos
21%
711-713 Philippikos Bardanios
18%
450-453 Pulkheria
12%
578-582 Tiberios II Konstantinos
11%
No matching quizzes found
Score Distribution
Percent of People with Each Score
Percentile by Number Answered
Your Score History
You have not taken this quiz